Albums studios de Patrick Bruel - Statistiques

Statistiques générales
  • Ce quiz a été pris 5 fois
  • Le résultat moyen est 5 sur 11
Statistiques - réponses
Année Album % Correct
1989 Alors regarde
80%
2018 Ce soir on sort…
80%
1994 Bruel
60%
1986 De face
60%
1999 Juste avant
60%
2022 Encore une fois
40%
2002 Entre deux
40%
2012 Lequel de nous
40%
2006 Des souvenirs devant
20%
1995 Plaza de los heroes
20%
2015 Très souvent, je pense à vous…
0%
Aucun quiz correspondant
Distribution des résultats
% des personnes avec chaque résultat
Percentile par nombre de réponses
Votre historique - résultats
Vous n’avez pas pris ce quiz